00250nam a2200097Ia 4500008004100000082001900041100002000060245002900080260003600109300000700145150731s2013 xx 000 0 und d a615.53bM 13 N aNAHAL,VAIDYA V. aMANASA ROGA. OF AYURVEDA bNABAL SOFTWARE OF HERBALSc2013 a87